Mercado productivo agro artesanal del distrito de Salitral de Santa Ana
Сохранить в:
| Главный автор: | |
|---|---|
| Другие авторы: | |
| Формат: | |
| Язык: | Spanish |
| Опубликовано: |
[San José , Costa Rica]
2019
|
| Предметы: |
PROYECTOS DE DESARROLLO - DISEÑOS Y PLANOS - SALITRAL (SANTA ANA, SAN JOSE, COSTA RICA)
> DISEÑO ARQUITECTONICO - SALITRAL (SANTA ANA, SAN JOSE, COSTA RICA)
> ESPACIO (ARQUITECTURA) - SALITRAL (SANTA ANA, SAN JOSE, COSTA RICA)
> VERDURAS - MERCADEO - SALITRAL (SANTA ANA, SAN JOSE, COSTA RICA)
> ARTESANIAS - MERCADEO - SALITRAL (SANTA ANA, SAN JOSE, COSTA RICA)
|
| Метки: |
Добавить метку
Нет меток, Требуется 1-ая метка записи!
|
MARC
| LEADER | 00000nam a22000007a 4500 | ||
|---|---|---|---|
| 003 | EA0245 | ||
| 005 | 20230306151918.0 | ||
| 008 | 190702b2019 c a|||| |m|| 00| ||spa d | ||
| 040 | |c cru CEDI | ||
| 100 | |9 17329 |a Quirós Fernández, Julio César | ||
| 245 | |a Mercado productivo agro artesanal del distrito de Salitral de Santa Ana | ||
| 260 | |a [San José , Costa Rica] |c 2019 | ||
| 500 | |a Proyecto de graduación (licenciatura en arquitectura)--Universidad de Costa Rica. Facultad de Ingeniería. Escuela de Arquitectura | ||
| 501 | |a Directora de Proyecto de Graduación: Arq. Ana Ulloa Dormond | ||
| 650 | |x PROYECTOS DE DESARROLLO - DISEÑOS Y PLANOS - SALITRAL (SANTA ANA, SAN JOSE, COSTA RICA) |x DISEÑO ARQUITECTONICO - SALITRAL (SANTA ANA, SAN JOSE, COSTA RICA) |x ESPACIO (ARQUITECTURA) - SALITRAL (SANTA ANA, SAN JOSE, COSTA RICA) |x VERDURAS - MERCADEO - SALITRAL (SANTA ANA, SAN JOSE, COSTA RICA) |x ARTESANIAS - MERCADEO - SALITRAL (SANTA ANA, SAN JOSE, COSTA RICA) |9 17330 | ||
| 700 | |9 117 |a Ulloa Dormond, Ana, 1978- |d Directora del TFG | ||
| 942 | |c CEDI |h TFG EA-245 |6 TFG_EA245 | ||
| 999 | |c 21722 |d 21722 | ||
